000 01040nam a2200205 a 4500
008 120416s1980 ||||||||||||||||| || u
050 _aHD 31 Glu
100 _aGlueck, William F
245 1 0 _aBusiness policy and strategic management. (3rd ed.)
250 _a3rd ed.
260 _aNew York:
_bMacGraw-Hill
_c1980
350 _a0.00
650 0 _aMANAGEMENT
650 _aBUSINESS POLICY
650 _aSTRATEGIC MANAGEMENT
995 _aMAIN LIBRARY OPEN ACCESS
_D0.00
_e710947
_FCBU-MAIN LIBRARY (Kitwe)
_H5
_I19.95
_jHD 31 Glu
_M3
_UAVAILABLE
_y000488
_ZMain Library Open Access Collection
995 _aBINDERY (DAMAGED)
_D0.00
_e710950
_FCBU-MAIN LIBRARY (Kitwe)
_H4
_I19.95
_jHD 31 Glu
_M1
_UDAMAGED
_y000486
_ZMain Library Open Access Collection
995 _aBINDERY (DAMAGED)
_D0.00
_e706112
_FCBU-MAIN LIBRARY (Kitwe)
_H6
_I19.95
_jHD 31 Glu
_M7
_UDAMAGED
_y706112
_ZMain Library Open Access Collection
995 _aBINDERY (DAMAGED)
_D0.00
_e710949
_FCBU-MAIN LIBRARY (Kitwe)
_H3
_I19.95
_jHD 31 Glu
_M2
_UDAMAGED
_y000487
_ZMain Library Open Access Collection
999 _c77940
_d77940